000 00863cab a2200241 4500
001 WB3011-31
008 090401t1994 xxu||||| |||| 00| 0 eng d
035 _a(Sirsi) u4714
041 _aeng
245 _aConsequential damage
260 _c1994
350 _a0
490 _aTimes
_v18 March 1994, 34(1)
520 _a"Hepworth Building Products Ltd v British Coal Corporation" CA 11 March 1994. In a reserved judgment CA allowed in part the appeal by British Coal, overriding the LT award of compensation under the Coal Industry Act 1975 for consequential loss, granting compensation for subsidence damage only.
650 _aCOAL INDUSTRY ACT 1975 S2(4)
650 _aCOMPENSATION
650 _aCONSEQUENTIAL LOSS
650 _aMINING SUBSIDENCE
690 _aLAND-CASE LAW
690 _aMINING AND MINERALS
942 _n0
948 _c04/03/1997
999 _c2857
_d2857